[Event "Barbados-ch"]
[Site "Bridgetown"]
[Date "2009.09.23"]
[Round "9"]
[White "Howell, Shamel"]
[Black "Waithe, Rohansonn"]
[Result "1-0"]
[WhiteElo "2068"]
[BlackElo "1640"]
[PlyCount "49"]
[EventDate "2009.09.05"]
[EventType "tourn"]
[EventRounds "11"]
[EventCountry "BAR"]
[SourceTitle "EXT 2024"]
[Source "ChessBase"]
[SourceDate "2023.10.10"]
[SourceVersion "1"]
[SourceVersionDate "2023.10.10"]
[SourceQuality "1"]

1. d4 d5 2. c4 dxc4 3. Nc3 Nc6 4. d5 Ne5 5. Qd4 f6 6. f4 Nf7 7. Qxc4 e5 8. dxe6 Nd6 9. Qb3 Qe7 10. f5 g6 11. Nd5 Qg7 12. e7 Nxe7 13. Nxc7+ Kd8 14. Nxa8 Nexf5 15. Bf4 Nd4 16. Qd3 N6f5 17. e4 Qe7 18. 0-0-0 Qe8 19. exf5 Qc6+ 20. Qc3 Qxc3+ 21. bxc3 Kd7 22. Bb5+ Kd8 23. Nf3 Bxf5 24. Rhe1 Bg4 25. Re8# 1-0

[Event "Barbados-ch"]
[Site "Bridgetown"]
[Date "2009.09.12"]
[Round "4"]
[White "Waithe, Rohansonn"]
[Black "Cox, Akeem"]
[Result "0-1"]
[WhiteElo "1640"]
[BlackElo "1754"]
[PlyCount "72"]
[EventDate "2009.09.05"]
[EventType "tourn"]
[EventRounds "11"]
[EventCountry "BAR"]
[SourceTitle "EXT 2024"]
[Source "ChessBase"]
[SourceDate "2023.10.10"]
[SourceVersion "1"]
[SourceVersionDate "2023.10.10"]
[SourceQuality "1"]

1. e4 e5 2. Bc4 Nc6 3. Nf3 Nf6 4. d3 Bc5 5. Nc3 d6 6. 0-0 Be6 7. Nd5 Bxd5 8. Bxd5 Nxd5 9. exd5 Nd4 10. Be3 Nxf3+ 11. Qxf3 Bb6 12. Rfe1 Qf6 13. Qe4 0-0-0 14. c3 Kb8 15. d4 Rde8 16. Bd2 a6 17. f4 exd4 18. Qd3 dxc3+ 19. Be3 Rxe3 20. Rxe3 Re8 21. Rae1 Qxf4 22. Kh1 Rxe3 23. Rxe3 Bxe3 24. bxc3 Qf2 25. Qd1 Bd2 26. h3 Be1 27. Kh2 Qf4+ 28. Kg1 Bxc3 29. Qf3 Qc1+ 30. Kh2 Qd2 31. Kg3 Be5+ 32. Kg4 Qd4+ 33. Kh5 g6+ 34. Kg5 h6+ 35. Kxh6 Qh4+ 36. Qh5 Qxh5# 0-1